000 00635nam a2200193 a 4500
001 000009543
005 20240412074212.0
008 090930s1996 dr 000 p spa d
040 _aDO-SdBNP
_bspa
_cBNPHU
082 _aRD861.44
_bB253de
100 1 _aBarinas Coiscou, Sócrates,
_d1916-2021
_924379
245 1 0 _aDecir te amo :
_bbreviario de amor /
_cSócrates Barinas Coiscou.
260 _aSanto Domingo :
_bTalleres impresos H. T.,
_c1996.
300 _a69 p. ;
_c21 cm.
590 _aInventariado, 2018/LP
650 0 _aPoesía dominicana
_966
650 0 _aLiteratura dominicana.
_967
910 _aValidado. Control de calidad MFF
999 _c9303
_d9303